000 00852cam a2200265 a 4500
001 3733222
003 Ke-BoTe
005 20220523151938.0
008 810724s1982 njua b 001 0 eng
010 _a 81011940
020 _a0131691511 :
_c$12.95
040 _aDLC
_cDLC
_dDLC
050 0 0 _aLB3060.65
_b.G76 1982
082 0 0 _a371.2/6
_219
100 1 _aGronlund, Norman Edward,
_d1920-
_96262
245 1 0 _aConstructing achievement tests /
_cNorman E. Gronlund.
250 _a3rd ed.
260 _aEnglewood Cliffs, N.J. :
_bPrentice-Hall,
_cc1982.
300 _a148 p. :
_bill. ;
_c23 cm.
504 _aIncludes bibliographies and index.
650 0 _aAchievement tests
_xDesign and construction.
_96263
650 0 _aExaminations
_xDesign and construction.
_96264
906 _a7
_bcbc
_corignew
_d1
_eocip
_f19
_gy-gencatlg
942 _2lcc
_cBK
_n0
999 _c3045
_d3045